000 00366nam a2200145Ia 4500
008 230917s9999||||xx |||||||||||||| ||und||
040 _e142303
_aMAIN
041 _aEnglish
082 _a363.7 R188P
100 _aRathaur, Umesh
245 0 _aParyawaran pradushan ke dushprabhaw
260 _aNew delhi
_bTaxshila Prakashan
_c1996
300 _a176 p.
942 _cBK
999 _c90091
_d90091